| 000 | 00458cam a2200193ua 4500 | ||
|---|---|---|---|
| 001 | 3405 | ||
| 008 | 111022n ii |||gr||||Z||||||asm | ||
| 020 | _a81-85905-79-7 | ||
| 040 | _cMAIN | ||
| 082 | _a891.4513 | ||
| 100 | 1 | _aGoswami, Mamoni Raison, | |
| 245 | 1 | 1 |
_aAahiran _cby Mamoni Raison Goswami |
| 250 | _a4th. | ||
| 260 |
_aGuahati: _bStudents stores,998. |
||
| 300 |
_a110p: _c23cm. |
||
| 653 | _aAssamese novel | ||
| 653 | _aAahiran | ||
| 942 | _cBK | ||
| 999 |
_c3249 _d3249 |
||